Experimental and theoretical evaluation of phase-change refrigerant-charged solar collectors /
Saved in:
| Main Author: | |
|---|---|
| Format: | Thesis Book |
| Language: | English |
| Published: |
1999.
|
| Subjects: | |
| Tags: |
Add Tag
No Tags, Be the first to tag this record!
|
| LEADER | 00857cam a2200229 a 4500 | ||
|---|---|---|---|
| 001 | u481850 | ||
| 003 | SIRSI | ||
| 008 | 910820s1999 my t 00 1 eng m | ||
| 035 | |a ACP-2880 | ||
| 040 | |a UMJ | ||
| 097 | |a TJ7 |b UM 1999 Moh | ||
| 100 | 0 | 0 | |a Mohamed Jamal Y. Wafa |
| 245 | 1 | 0 | |a Experimental and theoretical evaluation of phase-change refrigerant-charged solar collectors / |c Mohamed Jamal Y. Wafa. |
| 260 | |c 1999. | ||
| 300 | |a xvi, 118 leaves : |b ill. ; |c 28 cm. | ||
| 502 | |a Dissertation (M.Eng.Sc.) -- Jabatan Kejuruteraan Mekanik, Fakulti Kejuruteraan, Universiti Malaya, 1999. | ||
| 650 | 0 | |a Solar collectors |x Evaluation. | |
| 650 | 0 | |a Thermosyphons. | |
| 710 | 2 | 0 | |a Universiti Malaya. |b Jabatan Kejuruteraan Mekanik. |
| 948 | |a 17/05/2001 |b 25/02/2002 | ||
| 596 | |a 7 | ||
| 999 | |a TJ7 UM 1999 MOH |w LC |c 1 |i A510538608 |l STACKS |m P07JURUTER |r Y |s Y |t TESIS |u 22/10/2001 | ||
